Mathematics experiments. / (Record no. 791)

MARC details
000 -LEADER
fixed length control field 01568cam a22003374a 4500
001 - CONTROL NUMBER
control field 13024659
005 - DATE AND TIME OF LATEST TRANSACTION
control field 20210414113932.0
008 - FIXED-LENGTH DATA ELEMENTS--GENERAL INFORMATION
fixed length control field 021209s2003 njua b 000 0 eng
010 ## - LIBRARY OF CONGRESS CONTROL NUMBER
LC control number 2002044940
020 ## - INTERNATIONAL STANDARD BOOK NUMBER
International Standard Book Number 9812380493 (alk. paper)
020 ## - INTERNATIONAL STANDARD BOOK NUMBER
International Standard Book Number 9812380507 (pbk. : alk. paper)
040 ## - CATALOGING SOURCE
Original cataloging agency DLC
Transcribing agency DLC
Modifying agency DLC
041 1# - LANGUAGE CODE
Language code of text/sound track or separate title eng
Language code of original chi
042 ## - AUTHENTICATION CODE
Authentication code pcc
050 00 - LIBRARY OF CONGRESS CALL NUMBER
Classification number QA20.C65M35
082 00 - DEWEY DECIMAL CLASSIFICATION NUMBER
Classification number 510/.78
Edition number 21
100 ## - MAIN ENTRY--PERSONAL NAME
Personal name Li, Shangzhi
245 00 - TITLE STATEMENT
Title Mathematics experiments. /
Statement of responsibility, etc. Shangzhi Li ... [et al].
260 ## - PUBLICATION, DISTRIBUTION, ETC.
Place of publication, distribution, etc. River Edge, N.J. :
Name of publisher, distributor, etc. World Scientific,
Date of publication, distribution, etc. c2003.
300 ## - PHYSICAL DESCRIPTION
Extent ix, 217 p. :
Other physical details ill. ;
Dimensions 23 cm.
504 ## - BIBLIOGRAPHY, ETC. NOTE
Bibliography, etc. note Includes bibliographical references (p. 217).
505 ## - FORMATTED CONTENTS NOTE
Formatted contents note Contents: Fundamentals of calculus -- How to calculate -- Best approximations by fractions -- Sequences and series -- Prime numbers -- The Probability -- Geometric transformations -- Celestial movement -- Iteration I: Finding solutions to equations -- Optimization -- Brachistochrone -- Itearation II: Fractal -- Iteration III: Chaos -- Cryptography -- Mechanical proving of elementary geometrical theorems.
650 #0 - SUBJECT ADDED ENTRY--TOPICAL TERM
Topical term or geographic name entry element Mathematics
General subdivision Experiments.
650 #0 - SUBJECT ADDED ENTRY--TOPICAL TERM
Topical term or geographic name entry element Mathematics
General subdivision Computer-assisted instruction.
700 1# - ADDED ENTRY--PERSONAL NAME
Personal name Chen, Falai
700 1# - ADDED ENTRY--PERSONAL NAME
Personal name Wu, Yaohua
700 1# - ADDED ENTRY--PERSONAL NAME
Personal name Zhang, Yunhua
906 ## - LOCAL DATA ELEMENT F, LDF (RLIN)
a 7
b cbc
c orignew
d 1
e ocip
f 20
g y-gencatlg
942 ## - ADDED ENTRY ELEMENTS (KOHA)
Source of classification or shelving scheme Library of Congress Classification
Koha item type Books
Holdings
Withdrawn status Lost status Source of classification or shelving scheme Damaged status Not for loan Home library Current library Shelving location Date acquired Total Checkouts Full call number Barcode Date last seen Copy number Price effective from Koha item type
    Library of Congress Classification     WISCONSIN INTERNATIONAL UNIVERSITY COLLEGE, GHANA - MAIN LIBRARY WISCONSIN INTERNATIONAL UNIVERSITY COLLEGE, GHANA - MAIN LIBRARY Reference 27/04/2012   QA20.C65M35 1873/12 27/04/2012 1 27/04/2012 Books

If you have any concerns or questions; kindly contact the library


© Powered by WIUC ICT DIRECTORATE